Nové technológie v diplomatickej komunikácii
Niektoré dôležité aspekty využitia nových médií v diplomatickej komunikácii. Hlavným opisovaným médiom je internet a využitie internetových portálov, stránok a weblogov, ako sú napríklad facebook a twitter. Rýchly prístup k informáciám je často kľúčovým aspektom diplomatickej praxe. Charakteristika...
Gespeichert in:
| 1. Verfasser: | |
|---|---|
| Format: | Buchkapitel |
| Sprache: | Slowakisch |
| Schlagworte: | |
| Tags: |
Keine Tags, Fügen Sie das erste Tag hinzu!
|
MARC
| LEADER | 00000nla a2200000 4500 | ||
|---|---|---|---|
| 001 | 0161195 | ||
| 005 | 20240502072810.5 | ||
| 041 | 0 | |a slo | |
| 044 | |a SK | ||
| 245 | 1 | 0 | |a Nové technológie v diplomatickej komunikácii |c Silvia Adamcová |
| 520 | |a Niektoré dôležité aspekty využitia nových médií v diplomatickej komunikácii. Hlavným opisovaným médiom je internet a využitie internetových portálov, stránok a weblogov, ako sú napríklad facebook a twitter. Rýchly prístup k informáciám je často kľúčovým aspektom diplomatickej praxe. Charakteristika internetovej komunikácie v odbornom diplomatickom jazyku. | ||
| 610 | 2 | 0 | |a komunikácia |
| 610 | 2 | 0 | |a diplomacia |
| 610 | 2 | 0 | |a internet |
| 610 | 2 | 0 | |a siete sociálne |
| 610 | 2 | 0 | |a voľby |
| 100 | 1 | |a Adamcová, Silvia, 1984- | |